00939nam a2200229 a 450000100100000000500170001000800410002704000250006804100130009324501030010626000460020930000210025549000270027659000760030365000290037965000300040870000360043870000340047483000340050895201500054299900170069200003570920200930074541.0111109s1974 ve 000 0 spa d aDO-SdBNPbspacBNPHU17aspaheng00aIndustria cultural y sociedad de masas /cDaniel Bell... [et al.] ; [traducción Eugenio Guasta]. aCaracas :bMonte Ávila Editores,c1974. a259 p. ;c18 cm.0 aColección Letra viva aPerteneció a la biblioteca personal de Juan Isidro Jimenes Grullón.24aSociedad de masas96163724aIndustria cultural9616381 aBell, Daniel,d1919-20119616391 aGuasta, Eugenioetrad.949302 0aColección Letra viva961640 0010507-18MOaGRbGRcOId2011-11-09iLF1l0o p35709-10r2020-06-25w2020-06-25y1zBiblioteca Juan Isidro Jiménes GrullónZNo se presta c35200d35200